| 000 | 00684nam a22001937a 4500 | ||
|---|---|---|---|
| 003 | OSt | ||
| 005 | 20251125094723.0 | ||
| 008 | 251125b |||||||| |||| 00| 0 eng d | ||
| 020 | _a0-07-123432-2 | ||
| 040 |
_aDWC-Main lib _cOC |
||
| 082 |
_22nd edition _aCirc. 621.381 C363 2002 |
||
| 100 | _aCathey, J. | ||
| 245 |
_aSchaum's outline of theory and problems of electronic devices and circuits _cCathey, Jimmy J. |
||
| 250 | _a2nd edition | ||
| 260 |
_aBoston : _bMcGraw-Hill Company, _c c2002 |
||
| 300 |
_avii, 310 pages : _c26 cm. |
||
| 490 | _3Schaum's outline series | ||
| 942 |
_2ddc _cBK-CIRC _e2nd edition _hCirc. 621.381 C363 2002 _kCirc. _n0 |
||
| 999 |
_c6186 _d6186 |
||